Normal view
MARC view
Entry Personal Name
001 - CONTROL NUMBER
- control field: 558
003 - CONTROL NUMBER IDENTIFIER
- control field: ARRUPE
005 - DATE AND TIME OF LATEST TRANSACTION
- control field: 20130918140514.0
008 - FIXED-LENGTH DATA ELEMENTS
- fixed length control field: 130918|| aca||aabn | a|a d
040 ## - CATALOGING SOURCE
- Original cataloging agency: ARRUPE
- Transcribing agency: ARRUPE
100 ## - HEADING--PERSONAL NAME
- Personal name: Jesus Christ
- General subdivision: Historicity.
670 ## - SOURCE DATA FOUND
- Source citation: Work cat.: (ARRUPE)0: Koenig, John, 1938- 557, The feast of the world's redemption :, c2000.